History Quiz

Random History Quiz

'White-Collar' Historic Figures Quiz Stats

 Plays Quiz Updated Sep 13, 2015

Score 0/24 Timer 08:00
0 Plays Today
% Correct
William Shakespeare
98.7%
Elizabeth I of England
94.3%
Pocahontas
78.5%
Miguel de Cervantes
65.1%
Galileo Galilei
64.9%
Hernán Cortés
57.8%
John Milton
57.2%
René Descartes
53.5%
James I of England (James VI of Scotland)
50.8%
Francis Drake
45.8%
Walter Raleigh
44.7%
Philip II of Spain
43.9%
% Correct
Johannes Kepler
39.9%
Francisco Pizarro
32.8%
Francis Bacon
32.8%
El Greco
29.1%
Gerardus Mercator
27.4%
John Donne
26.2%
Edmund Spenser
22.7%
William I, Prince of Orange
20.8%
Gustav II Adolf of Sweden
17.3%
Diego Velázquez
15.7%
Michel de Montaigne
11%
John Winthrop
9.6%

You're not logged in!

Compare scores with friends on all Sporcle quizzes.
OR
Log In

You Might Also Like...

Show Comments

Extras

Top Quizzes Today


Score Distribution

Your Account Isn't Verified!

In order to create a playlist on Sporcle, you need to verify the email address you used during registration. Go to your Sporcle Settings to finish the process.

Report this User

Report this user for behavior that violates our Community Guidelines.

Details: